| 000 | 02305 a2200301 4500 | ||
|---|---|---|---|
| 001 | 43857 | ||
| 005 | 20260407155719.0 | ||
| 008 | 260407a2016 arg spa d | ||
| 003 | AR-UNSa-BCEJYS | ||
| 040 |
_aAR-UNSa-BCEJYS _bspa _cAR-UNSa-BCEJYS |
||
| 080 |
_a339.9 _xEconomía internacional en general. Relaciones económicas internacionales. Economía mundial |
||
| 245 | 1 | 0 |
_aEconomía internacional _pteoría y política |
| 020 | _a978-84-9035-296-0 | ||
| 250 | _a10a. ed. | ||
| 264 | 1 |
_aMadrid : _bPearson Educación _c2016 |
|
| 300 |
_axxxiii, 753 p. _c25 cm. |
||
| 505 | _a1. Introducción - 2. Comercio mundial: una visión general - 3. Productividad del trabajo y ventaja comparativa: el modelo ricardiano - 4. Factores específicos y distribución de la renta - 5. Recursos y comercio: el modelo Heckscher-Ohlin - 6. El modelo estándar de comercio - 7. Economías externas de escala y localización internacional de la producción - 8. Las empresas en la economía global: decisiones de exportación , contratación externa y empresas multinacionales - 9. Los instrumentos de la política comercial - 10. La economía política de la política comercial - 11. La política comercial en los países en vías de desarrollo - 12. Controversias de la política comercial - 13. La contabilidad nacional y la balanza de pagos - 14. Los tipos de cambio y el mercado de divisas: un enfoque de activos - 15. El dinero, los tipos de interés y los tipos de cambio - 16. El nivel de precios y el tipo de cambio a largo plazo - 17. La producción nacional y el tipo de cambio a corto plazo - 18. Los tipos de cambio fijos y la intervención en los mercados de divisas - 19. Sistemas monetarios internacionales: una visión histórica - 20. Areas monetarias óptimas y la experiencia europea - 21. Globalización financiera: oportunidades y crisis - 22. Países en desarrollo: crecimiento, crisis y reforma | ||
| 041 | _aspa | ||
| 942 | _cBK | ||
| 590 | _aniveau_biblio:m niveau_hierar:0 | ||
| 100 | 1 | _aKrugman, Paul R. | |
| 700 | 1 | _aObstfeld, Maurice | |
| 700 | 1 | _aGestión Editorial Avanzada | |
| 700 | 1 | _aMelitz, Marc J. | |
| 700 | 1 | _aRequena, Francisco | |
| 700 | 1 | _aEsteve, Vicente | |
| 856 | 4 | 1 |
_uhttps://biblioeco.unsa.edu.ar/pmb/images/libros/L126821.jpg _yImagen de portada _qimage/jpeg |
| 999 |
_c3727 _d3727 |
||